Southville International School and Colleges
Your cart is empty.
  • Cart
  • Lists
    Public lists Eva Luna New books Lux_list list_1
    Your lists Log in to create your own lists
  • Log in to your account
  • Your cookies
  • Search history
Southville International School and Colleges
  • Advanced search
  • Recent comments
  • Most popular
  • Libraries

Log in to your account

Log in with GOOGLE


If you do not have an external account, but do have a local account, you can still log in:

  1. Home
  2. MARC view: At the pond /
Normal view MARC view ISBD view

At the pond / (Record no. 113324)

[ view plain ]
MARC details
000 -LEADER
fixed length control field 00518nam a2200181 a 4500
001 - CONTROL NUMBER
control field 1896
005 - DATE AND TIME OF LATEST TRANSACTION
control field 20140414132013.0
008 - FIXED-LENGTH DATA ELEMENTS--GENERAL INFORMATION
fixed length control field 020417s19uu xx 00 eng d
020 ## - INTERNATIONAL STANDARD BOOK NUMBER
International Standard Book Number 971-08-3554-8
050 ## - LIBRARY OF CONGRESS CALL NUMBER
Classification number TR
Item number AT8 1981
100 ## - MAIN ENTRY--PERSONAL NAME
Personal name Raabe, Janis Asad
245 ## - TITLE STATEMENT
Title At the pond /
Statement of responsibility, etc by Janis Asad Raabe ; illustrated by Frederick Cross.
260 ## - PUBLICATION, DISTRIBUTION, ETC. (IMPRINT)
Place of publication, distribution, etc Philippines :
Name of publisher, distributor, etc National Book Store,
Date of publication, distribution, etc 1981.
300 ## - PHYSICAL DESCRIPTION
Extent 8 p. ; cm.
440 ## - SERIES STATEMENT/ADDED ENTRY--TITLE
Title Primary readers set 3, Blends
650 ## - SUBJECT ADDED ENTRY--TOPICAL TERM
Topical term or geographic name as entry element Final blends.
Holdings
Withdrawn status Lost status Damaged status Use restrictions Home library Current library Shelving location Date acquired Source of acquisition Total Checkouts Full call number Barcode Date last seen Price effective from Koha item type
        Munich Library Munich Library Teachers Reference Section 12/23/2004     TR AT8 1981 M4872 04/14/2014 04/14/2014 Books

At the pond /

APA

Raabe J. A., . (1981). At the pond. Philippines: National Book Store.

Chicago

Raabe Janis Asad, . 1981. At the pond. Philippines: National Book Store.

Harvard

Raabe J. A., . (1981). At the pond. Philippines: National Book Store.

MLA

Raabe Janis Asad, . At the pond. Philippines: National Book Store. 1981.

  • Place hold
  • Print
  • Cite
  • Add to your cart (remove)
  • Save record
    BIBTEX Dublin Core MARCXML MARC (non-Unicode/MARC-8) MARC (Unicode/UTF-8) MARC (Unicode/UTF-8, Standard) MODS (XML) RIS
  • More searches
    Search for this title in:
    Other Libraries (WorldCat) Other Databases (Google Scholar) Online Stores (Bookfinder.com) Open Library (openlibrary.org)

Exporting to Dublin Core...

SOUTHVILLE LIBRARY

Southville International School and Colleges Library

1281 Tropical Ave. Cor. Luxembourg St., BF Homes International, Las Pinas City

Tel. No. 8256374 / 252358 Loc. 117/146

Powered by Koha